Central Library OPAC University of Rajshahi

The Hindu code being a codified statement of Hindu law with a commentary thereon and relevant acts annotated / (Record no. 52721)

MARC details
000 -LEADER
fixed length control field 00826nam a2200265 a 4500
001 - CONTROL NUMBER
control field 52721
003 - CONTROL NUMBER IDENTIFIER
rucl marc code BD-RjUL
005 - DATE AND TIME OF LATEST TRANSACTION
control field 20211209075841.0
008 - FIXED-LENGTH DATA ELEMENTS--GENERAL INFORMATION
fixed length control field 160926s1973 ii ||||| |||| 001 0 eng d
020 ## - INTERNATIONAL STANDARD BOOK NUMBER
Terms of availability : IRs. 45.00 (V-1)
035 ## - SYSTEM CONTROL NUMBER
System control number (BD-RjUL)52841
040 ## - CATALOGING SOURCE
Original cataloging agency BD-RjUL
Language of cataloging eng
Transcribing agency BD-RjUL
Modifying agency BD-RjUL
041 ## - LANGUAGE CODE
Language code of text/sound track or separate title eng
082 ## - DEWEY DECIMAL CLASSIFICATION NUMBER
Edition number 23
Classification number 294.594
Author mark and year GOH 1973
100 1# - MAIN ENTRY--PERSONAL NAME
Personal name Gour, Hari Singh
9 (RLIN) 142061
245 14 - TITLE STATEMENT
Title The Hindu code being a codified statement of Hindu law with a commentary thereon and relevant acts annotated /
Statement of responsibility, etc. by Hari Singh Gour ;Revised by B. Malik ... [et al.]
250 ## - EDITION STATEMENT
Edition statement 5th ed.
260 ## - PUBLICATION, DISTRIBUTION, ETC. (IMPRINT)
Place of publication, distribution, etc. Allahabad :
Name of publisher, distributor, etc. Law Publishers,
Date of publication, distribution, etc. 1973.
300 ## - PHYSICAL DESCRIPTION
Pagination v. ;
Size 22 cm.
500 ## - GENERAL NOTE
General note Includes index.
505 0# - FORMATTED CONTENTS NOTE
Formatted contents note Vol. 1 --
650 ## - SUBJECT ADDED ENTRY--TOPICAL TERM
Topical term or geographic name as entry element Hindu Law
9 (RLIN) 157677
700 ## - ADDED ENTRY--PERSONAL NAME
Personal name Malik, B.
942 ## - ADDED ENTRY ELEMENTS (KOHA)
Source of classification or shelving scheme Dewey Decimal Classification
Koha item type Books
Holdings
Lost status Source of classification or shelving scheme Damaged status Not for loan Collection code Permanent Location Current Location Shelving location Date acquired Source of acquisition Cost, normal purchase price Total Checkouts Full call number Date last seen Copy number Koha item type
  Dewey Decimal Classification     Non-fiction Central Library, University of Rajshahi Central Library, University of Rajshahi   07/02/1974 Paradise books, warsi book corp. 63.00   294.594 GOH V-1 1973 26/09/2016 C-2 Books
  Dewey Decimal Classification   Not For Loan Non-fiction Central Library, University of Rajshahi Central Library, University of Rajshahi Reading Room 10/07/1975 Book cor. 80.00   294.594 GOH V-1 1973 26/12/2016 C-1 Books
  Dewey Decimal Classification     Non-fiction Central Library, University of Rajshahi Central Library, University of Rajshahi   07/02/1974 Warsi Book Corporatin 63.00   294.594 GOH V-1 1973 17/01/2017 C-3 Books